LEADER 01152nam a2200253 u 4500 001 000000070046 003 CaOOAMICUS 005 20070226121958.0 008 020424s1862 fr u000 u fre u 035 $a10927780 040 $aPUL(R)$bita 100 1 $aPoujade, Eugène,$dn. 1815.$0(OLS)http://pul/name/46587 245 10$aChrétiens et Turcs :$bscènes et souvenirs de la vie politique, militaire et religieuse en Orient /$cpar M. Eugène Poujade. 250 $a2ème ed. 260 $aParis :$bDidier,$c1862. 300 $a554 p. ;$c21 cm 651 4$aTurchia$xStoria.$0(OLS)http://pul/subject/5004 651 4$aEuropa$xStoria.$0(OLS)http://pul/subject/6892 651 4$aTurchia$xStoria$yImpero ottomano, 1288-1918.$0(OLS)http://pul/subject/1906 850 $aPUL 852 $aPUL$W1$xDP1 Antico 800$y27$m131 D 15$j90666$nBK-PRI$b $qStampati Antico$B90666$CPULBib$Z2$F90666 $H $81 941 1 $a15 996 $6245$aChrétiens et Turcs :$bscènes et souvenirs de la vie politique, militaire et religieuse en Orient$9(OLS)http://pul/title/92415 996 $6260$aParis :$bDidier$9(OLS)http://pul/publisher/52521 LEADER 01350nam a2200313 a 4500 001 000000137710 003 CaOOAMICUS 005 20140312120310.0 008 140312s2013 it u000 u ita r 020 $a978-88-7105-323-3 040 $aPUL$bita 082 04$a232.9 245 01$a"Perché non venga resa vana la croce di Cristo":$bla croce nella spiritualità cristiana /$cFrancesco Bargellini ... [et al.]. 260 $aMilano :$bGlossa,$c©2013. 300 $aXIII, 255 p. ;$c20 cm. 490 1 $aSapientia ;$v61 504 $aBibliografia in nota. 650 4$aCroce di Cristo.$0(OLS)http://pul/subject/17085 650 4$aCristologia$xStudi.$0(OLS)http://pul/subject/36480 700 1 $aBargellini, Francesco.$0(OLS)http://pul/name/81418 830 0$aSapientia (Glossa) ;$v61.$0(OLS)http://pul/title/65981 850 $aPUL 852 $aPUL$W1$xSL Religione 3$y85$m232. 9 BARFR 1$j158740$qDDC 21$B158266$CPULBib$Z2$F158266 $H123631 $82 941 1 $a9 996 $6020$a978-88-7105-323-3$9(OLS)http://pul/number/154779 996 $6082$a232.9$9(OLS)http://pul/classification/575 996 $6245$a"Perché non venga resa vana la croce di Cristo":$bla croce nella spiritualità cristiana$9(OLS)http://pul/title/174372 996 $6260$aMilano :$bGlossa$9(OLS)http://pul/publisher/53656